000 00612 a2200205 4500
003 Nust
005 20170207165829.0
010 _a 96022751
020 _a0077090276 (pbk. : alk. paper)
040 _cNust
082 0 0 _a808.0666
100 1 _aVan Emden, Joan.
245 1 0 _a writing Engineers (E-BOOK)
_ban introduction /
_cJoan van Emden, Jennifer Easteal.
260 _aLondon ;
_aNew York :
_bMcGraw-Hill,
_cc1996.
300 _av, 168 p. :
_bill. ;
_c23 cm.
650 0 _aCommunication of technical information.
650 0 _aPublic speaking.
650 0 _aTechnical writing.
700 1 _aEasteal, Jennifer.
942 _2ddc
_cBK
999 _c213183
_d213183